| 000 | 01500nam a2200289 i 4500 | ||
|---|---|---|---|
| 001 | 000016567 | ||
| 003 | DO-SdBNP | ||
| 005 | 20260304092050.0 | ||
| 006 | a||||fr|||| 00| 0 | ||
| 007 | ta | ||
| 008 | 100308e1997 dr ad r 000 0 spa d | ||
| 040 |
_aDO-SdBNP _bspa _cBNPHU _erda |
||
| 082 | 4 |
_a22 _bE92i |
|
| 245 | 1 | 0 |
_aEvaluación de impacto a plazo del programa de profesionalización de maestros bachilleres en servicios : _bInforme de investigación , 1997. / _cCoordinación Rosa Vanderhorst; presentación, Milagros Ortiz Bosch. |
| 264 |
_aSanto Domingo : _bUnidad Coordinadora del Programa de Mejoramiento de la Educación Básica, _c1997 |
||
| 300 |
_a96 páginas : _bIlustraciones. ; _c27 cm. |
||
| 336 |
_2rdacontent _atexto _btxt |
||
| 337 |
_2rdamedia _asin mediación _bn |
||
| 338 |
_2rdacarrier _avolumen _bnc |
||
| 490 | 1 |
_aInvestigación educativa ; _v3 |
|
| 500 | _aUnidad Coordinadora del Programa de Mejoramiento de la Educación Básica. | ||
| 505 |
_aResumen Ejecutivo. _tIntroducción.-- _tII. El Objetivo d evaluación.-- _tIII. Marco de referencia: La política educativa.-- _tIV. Estrategias metodológicas.-- _tV. Presentación y análisis de información.-- _tVI. Interpretación cuantitativa de la información.-- _tVII. Inferencias y recomendaciones.-- _tVIII. Fuentes de información.-- |
||
| 590 | _aInventariado 2023 / MF | ||
| 700 | 1 |
_aVanderhorst, Rosa, _ecoordinadora _936833 |
|
| 700 | 1 | 2 |
_aOrtiz Bosch, Milagros, 1936- _epresentación _d1936- _926797 |
| 942 |
_2ddc _cLBS1 |
||
| 999 |
_c16100 _d16100 |
||